| 000 | 01111cam a2200457 4500 | ||
|---|---|---|---|
| 001 | J60820 | ||
| 008 | 000000n2000 000 0 eng u | ||
| 035 | _a(Sirsi) u105240 | ||
| 041 | _aENG | ||
| 050 | _a332.6324094 | ||
| 110 |
_aJones Lang LaSalle _93755 |
||
| 245 | _aEuropean property investment. - March & September 2000 | ||
| 260 |
_aLondon _bJones Lang LaSalle _c2000 |
||
| 300 | _a2pts. ; 30cm. | ||
| 650 | _aAUSTRIA | ||
| 650 | _aBELGIUM | ||
| 650 | _aCZECH REPUBLIC | ||
| 650 | _aEUROPE | ||
| 650 | _aFRANCE | ||
| 650 | _aGERMANY | ||
| 650 | _aHUNGARY | ||
| 650 | _aIRELAND | ||
| 650 | _aITALY | ||
| 650 | _aLUXEMBOURG | ||
| 650 | _aNETHERLANDS | ||
| 650 | _aPOLAND | ||
| 650 | _aPORTUGAL | ||
| 650 | _aPROPERTY INVESTMENT | ||
| 650 | _aPROPERTY MARKET | ||
| 650 | _aRENTS | ||
| 650 | _aRUSSIA | ||
| 650 | _aSPAIN | ||
| 650 | _aSWEDEN | ||
| 650 | _aUNITED KINGDOM | ||
| 650 | _aYIELDS | ||
| 650 | _aFINLAND | ||
| 650 | _aNORWAY | ||
| 650 | _aDENMARK | ||
| 690 | _aPROPERTY-COMMERCIAL PROPERTY-COMMERCIAL PROPERTY FINANCE AND INVESTMENT | ||
| 942 | _n0 | ||
| 999 |
_c100336 _d100336 |
||